00816 2200181 4500245008500000020002200085250001100107100001700118700002100135650001700156005001900173260002600192041001400218084000800232300002900240500035600269336000900625 aBabi Ngesot b : Datang Tak Diundang , Pulang Tak BerkutangcRaditya DikahText a978-602-8066-10-5 aCet. 1 aRaditya Dika aWindy Ariestanty aNovel Remaja a20240222092255 aJakartabBukunec2008 aIndonesia a813 aviii, 240 hlm. :c19 cm. aBabi Ngesot : Datang Tak Diundang, Pulang Tak Berkutang adalah kumpulan cerita pendek pengalaman pribadi Raditya Dik, penulis Indonesia terbodoh saat ini. Simak tujuh belas cerita aneh tapi nyata Raditya di buku ini, termasuk kalang kabut digencet kakak kelas, dihantuin setan rambut poni, sampai perjuangan menyelamatkan keteknya yang sedang 'sakit'. atext